Započítanie daňovej licencie
Daňová licencia je minimálna daň, ktorú právnická osoba platila v rokoch 2014 až 2017. Zdaňovacie obdobie roka 2017 bolo teda posledným rokom, v ktorom sa daňová licencia platila. V ďalších zdaňovacích obdobiach uplatňujú právnické osoby už len zápočet zaplatenej daňovej licencie. Ilustračné príklad...
Saved in:
| Main Author: | |
|---|---|
| Format: | Book Chapter |
| Language: | Slovak |
| Subjects: | |
| Tags: |
No Tags, Be the first to tag this record!
|
MARC
| LEADER | 00000naa a2200000 4500 | ||
|---|---|---|---|
| 001 | 0253108 | ||
| 005 | 20221104110939.7 | ||
| 041 | 0 | |a slo | |
| 044 | |a SK | ||
| 245 | 1 | 0 | |a Započítanie daňovej licencie |c Lucia Vanková |
| 520 | |a Daňová licencia je minimálna daň, ktorú právnická osoba platila v rokoch 2014 až 2017. Zdaňovacie obdobie roka 2017 bolo teda posledným rokom, v ktorom sa daňová licencia platila. V ďalších zdaňovacích obdobiach uplatňujú právnické osoby už len zápočet zaplatenej daňovej licencie. Ilustračné príklady. | ||
| 610 | 2 | 0 | |a licencie daňové |
| 610 | 2 | 0 | |a dane minimálne |
| 610 | 2 | 0 | |a osoby právnické |
| 610 | 2 | 0 | |a obdobie zdaňovacie |
| 100 | 1 | |a Vanková, Lucia | |